MARC details
| 000 -CABECERA |
| campo de control de longitud fija |
01824cam a2200337 a 4500 |
| 001 - NÚMERO DE CONTROL |
| campo de control |
000006980 |
| 005 - FECHA Y HORA DE LA ÚLTIMA TRANSACCIÓN |
| campo de control |
20200929154034.0 |
| 008 - DATOS DE LONGITUD FIJA--INFORMACIÓN GENERAL |
| campo de control de longitud fija |
950623s1993 ec b 001 0dspa d |
| 040 ## - FUENTE DE LA CATALOGACIÓN |
| Centro catalogador/agencia de origen |
DO-SdBNP |
| Centro/agencia transcriptor |
NjP |
| Centro/agencia modificador |
DLC |
| 082 ## - NÚMERO DE LA CLASIFICACIÓN DECIMAL DEWEY |
| Número de clasificación |
923.46 |
| Número de documento/Ítem |
M516e |
| 245 00 - MENCIÓN DE TÍTULO |
| Título |
Mejía en Cadiz / |
| Mención de responsabilidad, etc. |
Alfredo Flores y Caamaño, [et al.]. |
| 260 ## - PUBLICACIÓN, DISTRIBUCIÓN, ETC. |
| Lugar de publicación, distribución, etc. |
Quito : |
| Nombre del editor, distribuidor, etc. |
Comisión Nacional Permanente de Conmemoraciones Cívicas, |
| Fecha de publicación, distribución, etc. |
1993. |
| 300 ## - DESCRIPCIÓN FÍSICA |
| Extensión |
2 v. ; |
| Dimensiones |
21 cm. |
| 490 1# - MENCIÓN DE SERIE |
| Mención de serie |
Comisión Nacional Permanente de Conmemoraciones Cívicas |
| Designación de volumen o secuencia |
v. 1/13A |
| 490 1# - MENCIÓN DE SERIE |
| Mención de serie |
Comisión Nacional Permanente de Conmemoraciones Cívicas |
| Designación de volumen o secuencia |
v. 2/13B |
| 500 ## - NOTA GENERAL |
| Nota general |
Vol 2 fue publicado originalmente en Barcelona en 1913 bajo el título: Don José Mejía Lequerica en las Cortes de Cádiz de 1810 a 1813. |
| 504 ## - NOTA DE BIBLIOGRAFÍA, ETC. |
| Nota de bibliografía, etc. |
Incluye referencias bibliográficas. |
| 505 0# - NOTA DE CONTENIDO CON FORMATO |
| Nota de contenido con formato |
v. 1. Estudios introductorios / Marcos Gándara Enríquez [... et al.]. Constitución de Cádiz - v. 2. Combatiente de precursores y de la libertad. |
| 600 14 - PUNTO DE ACCESO ADICIONAL DE MATERIA--NOMBRE DE PERSONA |
| Nombre de persona |
MEJÍA LEQUERICA, JOSÉ, |
| Fechas asociadas al nombre |
1775-1813. |
| 9 (RLIN) |
19402 |
| 651 #4 - PUNTO DE ACCESO ADICIONAL DE MATERIA--NOMBRE GEOGRÁFICO |
| Nombre geográfico |
Latinoamérica |
| Subdivisión general |
Política Y Gobierno |
| Subdivisión cronológica |
1806-1830. |
| 9 (RLIN) |
19403 |
| 651 #4 - PUNTO DE ACCESO ADICIONAL DE MATERIA--NOMBRE GEOGRÁFICO |
| Nombre geográfico |
España |
| Subdivisión general |
Política Y Gobierno |
| Subdivisión cronológica |
1808-1814. |
| 9 (RLIN) |
19404 |
| 651 #4 - PUNTO DE ACCESO ADICIONAL DE MATERIA--NOMBRE GEOGRÁFICO |
| Nombre geográfico |
Cadiz (España{Rpara} |
| Subdivisión general |
Historia |
| 9 (RLIN) |
19405 |
| 700 1# - PUNTO DE ACCESO ADICIONAL--NOMBRE DE PERSONA |
| Nombre de persona |
Flores y Caamaño, Alfredo, |
| Fechas asociadas al nombre |
1888- |
| 9 (RLIN) |
19406 |
| 700 1# - PUNTO DE ACCESO ADICIONAL--NOMBRE DE PERSONA |
| Nombre de persona |
Gándara Enríquez, Marcos, |
| Fechas asociadas al nombre |
1919- |
| 9 (RLIN) |
19407 |
| 700 1# - PUNTO DE ACCESO ADICIONAL--NOMBRE DE PERSONA |
| Nombre de persona |
Mejía Lequerica, José, |
| Fechas asociadas al nombre |
1775-1813. |
| Título de la obra |
Don José Mejía Lequerica en las Cortes de Cádiz de 1810 a 1813. |
| 9 (RLIN) |
19408 |
| 710 1# - PUNTO DE ACCESO ADICIONAL--NOMBRE DE ENTIDAD CORPORATIVA |
| Nombre de entidad corporativa o nombre de jurisdicción como elemento de entrada |
España |
| Unidad subordinada |
Cortes (1810-1813) |
| 9 (RLIN) |
19409 |
| 710 1# - PUNTO DE ACCESO ADICIONAL--NOMBRE DE ENTIDAD CORPORATIVA |
| Nombre de entidad corporativa o nombre de jurisdicción como elemento de entrada |
Ecuador. |
| Unidad subordinada |
Comision Nacional Permanente de Conmemoraciones Civicas. |
| 9 (RLIN) |
9128 |
| 830 #0 - PUNTO DE ACCESO ADICIONAL DE SERIE-TÍTULO UNIFORME |
| Título uniforme |
Comisión Nacional Permanente de Conmemoraciones Cívicas ; |
| Designación de volumen o secuencia |
v. 1/13A |
| 9 (RLIN) |
19410 |
| 830 #0 - PUNTO DE ACCESO ADICIONAL DE SERIE-TÍTULO UNIFORME |
| Título uniforme |
Comisión Nacional Permanente de Conmemoraciones Cívicas ; |
| Designación de volumen o secuencia |
v. 2/13B |
| 9 (RLIN) |
19410 |
| 910 ## - DATOS DE OPCIÓN DEL USUARIO (OCLC) |
| Datos de opción del usuario |
Catalogación por copia / LC |